|
|
|
|
| LEADER |
00000nab a2200000 a 4500 |
| 001 |
vtls008624117 |
| 003 |
SK-MaSNL |
| 005 |
20260303223611.0 |
| 008 |
140429c2005 xo mr|p|||||||000 b|slo |
| 015 |
|
|
|a SNBRB2006/02
|2 snkbucl
|
| 038 |
|
|
|a SNKBUCL
|
| 040 |
|
|
|a SNKBUCL
|b slo
|c SNKBUCL
|e AACR2
|
| 041 |
0 |
|
|a slo
|
| 044 |
|
|
|a xo
|c SK
|
| 080 |
|
|
|a 82:929:821.162.4
|2 1997
|
| 080 |
|
|
|a 821.162.4:929
|2 1997
|
| 080 |
|
|
|a 929 Uličiansky, Ján
|2 1997
|
| 100 |
1 |
|
|a Stanislavová, Zuzana,
|d 1951-
|4 aut
|9 88135
|
| 245 |
1 |
0 |
|a Otváranie očí
|b (k životnému jubileu Jána Uličianskeho)
|c Zuzana Stanislavová
|
| 300 |
|
|
|b Fotogr.
|
| 600 |
1 |
7 |
|a Uličiansky, Ján,
|d 1955-2024
|2 snkbucl
|9 91153
|
| 773 |
0 |
|
|t Bibiana
|g Roč. XII, č. 4 (2005), s. 18-21
|x 1335-7263
|
| 852 |
|
|
|a SNK
|b KIS3GCP
|
| 958 |
|
|
|a LX
|
| 958 |
|
|
|a BX
|
| 999 |
|
|
|c 2248521
|d 2250451
|